| 000 | 01566nam a22003611i 4500 | ||
|---|---|---|---|
| 003 | EG-ScBUE | ||
| 005 | 20250209101614.0 | ||
| 008 | 220731s2021 ua o f b 001 0 ara d | ||
| 017 | _a2017 / 15131 | ||
| 020 | _a9789777951333 | ||
| 040 |
_aEG-ScBUE _bara _erda _cEG-ScBUE _dEG-ScBUE |
||
| 041 | 1 |
_aara _heng |
|
| 043 | _af-ua--- | ||
| 082 | 0 | 4 |
_222 _a916.216 _bل ي ن |
| 100 | 1 |
_aلين، إدوارد وليم، _eمؤلف. |
|
| 245 | 1 | 0 |
_aالقاهرة : _bمنتصف القرن التاسع عشر / _cإدوارد وليم لين ؛ تقديم وإعداد ستانلي لين بول ؛ ترجمه وحققه وعلق عليه د. أحمد سالم سالم. |
| 250 | _aالطبعة الثالثة. | ||
| 264 | 1 |
_aالقاهرة : _bالدار المصرية اللبنانية، _c2021. |
|
| 300 |
_a333 صفحة : _bصور ؛ _c24 سم |
||
| 336 |
_2rdacontent _aنص _btxt |
||
| 337 |
_2rdamedia _aبدون وسيط _bn |
||
| 338 |
_2rdacarrier _aمجلد _bnc |
||
| 504 | _aيشتمل على إرجاعات ببليوجرافية وكشافات. | ||
| 541 | _aBook fair 2025. | ||
| 546 | _aالنص باللغة العربية وتم ترجمته من اللغة الإنجليزية. | ||
| 651 | 7 |
_2BUEsh _aالقاهرة (مصر) _xتاريخ _yالقرن التاسع عشر. |
|
| 651 | 7 |
_2BUEsh _aالقاهرة (مصر) _xوصف ورحلات. |
|
| 653 |
_cFebruary2025 _bGGEN |
||
| 655 | _vReading book | ||
| 700 | 1 |
_aبول، ستانلي لين، _eمقدم. |
|
| 700 | 1 |
_aسالم، أحمد سالم، _eمترجم. |
|
| 942 | _2ddc | ||
| 999 |
_c30879 _d30850 |
||